000 02082nam0a2200361 4500
001 RU\NLR\bibl\1766437
005 20260407064451.0
010 _a978-5-9997-0133-6
_9100
021 _aRU
_b2011-27518
_91954
035 _a(nilc)RSL-KNO-004929375
035 _a(NLR Aleph) 001757233
090 _a1555917
_c1555917
100 _a20110418d2010 |||y0rusy50 ca
101 0 _arus
102 _aRU
105 _ay |||||||||
200 1 _aСоциология коррупции
_eучебное пособие для студентов высших учебных заведений
_fМ-во образования и науки Российской Федерации, Южно-Российский гос. технический ун-т (Новочеркасский политехнический ин-т), Шахтинский ин-т (фил.) ГОУ ВПО ЮРГТУ (НПИ)
_g[С. В. Алексеев и др.
_gотв. ред. С. В. Алексеев]
210 _aНовочеркасск
_cЮРГТУ (НПИ)
_d2010
215 _a297 с.
_d20
300 _aНа обл. авт.: С.В. Алексеев, О.В. Бондаренко, И.В. Мостовая, В.А. Чуланов
320 _aБиблиогр. в конце тем
606 1 _aКоррупция
_jУчебные издания для высших учебных заведений
_xСоциологические исследования
_92462254
_3RU\NLR\auth\661462972
686 _aХ628.31я73-1
_2rubbk
686 _aС550.8я73
702 1 _4220
_8rus
_7ca
_aАлексеев
_bС. В.
_cд-р социол. наук
_gСергей Васильевич
_3RU\NLR\auth\7765651
_948580
712 0 2 _4570
_aЮжно-Российский государственный технический университет
_cНовочеркасск
_bШахтинский институт
_3RU\NLR\AUTH\8810031854
_9562310
801 0 _aRU
_bRuMoRKP
_c20110418
_grcr
801 1 _aRU
_bРГБ
_c20110418
801 2 _aRU
_bNLR
_c20110505
_grcr
942 _cBOOK
980 _aNB
980 _aNBR